[Event "Central America & Caribbean U16"]
[Site "Hotel Continental Panama"]
[Date "2017.08.10"]
[Round "1.5"]
[White "Escalona Landi, Samid Eduardo"]
[Black "Ortiz Bigio, Antonio L"]
[Result "1-0"]
[WhiteElo "1985"]
[BlackElo "1375"]
[PlyCount "69"]
[EventDate "2017.08.10"]
[EventType "swiss"]
[EventRounds "9"]
[EventCountry "PAN"]
[SourceTitle "EXT 2024"]
[Source "ChessBase"]
[SourceDate "2023.10.10"]
[SourceVersion "1"]
[SourceVersionDate "2023.10.10"]
[SourceQuality "1"]

1. Nf3 Nf6 2. g3 g6 3. b3 Bg7 4. Bb2 0-0 5. Bg2 d5 6. 0-0 Nc6 7. c4 d4 8. e3 dxe3 9. fxe3 Bg4 10. d4 e6 11. Nbd2 Re8 12. h3 Bf5 13. Ne5 Nxe5 14. dxe5 Nd7 15. e4 Bxe4 16. Nxe4 Nxe5 17. Qxd8 Raxd8 18. Nf6+ Bxf6 19. Rxf6 Nc6 20. Raf1 Re7 21. Ba3 Red7 22. Bc5 a6 23. b4 Kg7 24. b5 axb5 25. cxb5 Na5 26. Bb4 b6 27. Bc6 Nxc6 28. bxc6 Rd3 29. Rxf7+ Kg8 30. Rf8+ Rxf8 31. Rxf8+ Kg7 32. Re8 Rxg3+ 33. Kh2 Re3 34. Re7+ Kf6 35. Rxc7 1-0